Formula One Charles Leclerc Wins - Statistics

General Stats
  • This quiz has been taken 121 times
    113 since last reset
  • The average score is 7 of 8
Answer Stats
Hint Answer % Correct
2024 Monaco
98%
2019 Italy
96%
2024 Italy
96%
2019 Belgium
88%
2022 Bahrain
86%
2024 United States
85%
2022 Australia
84%
2022 Austria
78%
No matching quizzes found
Score Distribution
Percent of People with Each Score
Percentile by Number Answered
Your Score History
You have not taken this quiz since the last reset